Folklór v kresbách Evera Púčeka Výstava v Bulharskom kultúrnom a informačnom stredisku

Bibliographic Details
Main Author: Pivovarníková, Jana, 1949- (Author)
Format: Article
Language:Slovak
PhysicalDescription:Obr. 1.
Subjects:

MARC

LEADER 00000nab a2200000 a 4500
001 vtls000401996
003 SK-MaSNL
005 20260304002726.0
008 160215c1990 xo 0 slo
015 |a SNBRB19rr/mm-uuuuu 
035 |a CL0402120 
040 |a SNKBUCL  |b slo  |c SNKBUCL  |e AACR2 
041 0 |a slo 
044 |a xo  |c SK 
080 |a 74.071.1:061.4  |2 1981 
080 |a 061.4  |2 1981 
080 |a 75.071.1  |2 1981 
080 |a 929 Púček, Ever  |2 1981 
100 1 |a Pivovarníková, Jana,  |d 1949-  |4 aut  |9 191140 
245 1 0 |a Folklór v kresbách Evera Púčeka  |b Výstava v Bulharskom kultúrnom a informačnom stredisku  |c Jana Pivovarníková ; Ever Púček 
300 |b Obr. 1. 
600 1 7 |a Púček, Ever,  |d 1931-2024  |2 snkbucl  |9 16358 
648 7 |a 1990  |2 SNKPH  |9 276735 
650 0 7 |a výstavy  |2 SNKPH  |9 2780 
651 7 |a 5100  |2 snkbucl  |9 166206 
655 7 |a články z novín a časopisov  |2 snkbucl  |9 267496 
773 0 |t Národná obroda  |g Roč. 1, č. 185 (18. 12. 1990), s. 12 
850 |a Slovenská národná knižnica v Martine  |a MTA001 
852 |a SNK  |b KIS3GCP 
958 |a BX 
958 |a RK 
992 |a RBX 
999 |c 2543355  |d 2545285